Word pictures in the New Testament / (Record no. 5089)
[ view plain ]
| 000 -LEADER | |
|---|---|
| fixed length control field | 00902cam a2200217Ia 4500 |
| 001 - CONTROL NUMBER | |
| control field | 19647513 |
| 003 - CONTROL NUMBER IDENTIFIER | |
| control field | OCoLC |
| 005 - DATE AND TIME OF LATEST TRANSACTION | |
| control field | 20181220120547.0 |
| 008 - FIXED-LENGTH DATA ELEMENTS--GENERAL INFORMATION | |
| fixed length control field | 890503s1930 miu 000 0 eng d |
| 020 ## - INTERNATIONAL STANDARD BOOK NUMBER | |
| International Standard Book Number | 0801077109 (set) : |
| 040 ## - CATALOGING SOURCE | |
| Original cataloging agency | TMN |
| Transcribing agency | TMN |
| Modifying agency | OCL |
| -- | BSC |
| 082 ## - DEWEY DECIMAL CLASSIFICATION NUMBER | |
| Classification number | REF 225.7 |
| Item number | R649W |
| 092 ## - LOCALLY ASSIGNED DEWEY CALL NUMBER (OCLC) | |
| Classification number | 225.7 |
| Item number | R545w, 1930a |
| 100 1# - MAIN ENTRY--PERSONAL NAME | |
| Personal name | Robertson, A. T., |
| Dates associated with a name | 1863-1934. |
| 245 10 - TITLE STATEMENT | |
| Title | Word pictures in the New Testament / |
| Statement of responsibility, etc. | by Archibald Thomas Robertson. |
| 260 ## - PUBLICATION, DISTRIBUTION, ETC. | |
| Place of publication, distribution, etc. | Grand Rapids, MI : |
| Name of publisher, distributor, etc. | Baker book House, |
| Date of publication, distribution, etc. | c1930. |
| 300 ## - PHYSICAL DESCRIPTION | |
| Extent | 6 v. ; |
| Dimensions | 23 cm. |
| 505 0# - FORMATTED CONTENTS NOTE | |
| Formatted contents note | v. 1. The Gospel according to Matthew. The Gospel according to Mark -- v. 2. The Gospel according to Luke -- v. 3. The acts of the Apostles -- v. 4. The epistles of Paul -- v. 5. The fourth Gospel. The epistle to the Hebrews -- v. 6. The general epistles. The Revelation of John. |
| 630 00 - SUBJECT ADDED ENTRY--UNIFORM TITLE | |
| Uniform title | Bible. |
| Name of part/section of a work | N.T. |
| Form subdivision | Commentaries. |
| 942 ## - ADDED ENTRY ELEMENTS (KOHA) | |
| Source of classification or shelving scheme | Dewey Decimal Classification |
| Koha item type | Reference |
| Withdrawn status | Lost status | Source of classification or shelving scheme | Damaged status | Not for loan | Collection code | Home library | Current library | Shelving location | Date acquired | Cost, normal purchase price | Total Checkouts | Full call number | Barcode | Date last seen | Price effective from | Koha item type |
|---|---|---|---|---|---|---|---|---|---|---|---|---|---|---|---|---|
| Dewey Decimal Classification | Not For Loan | Reference | Harvest Mission College | Harvest Mission College | Reference | 20.12.2018 | 2350.00 | REF 225.7 R649W | 005803 | 20.12.2018 | 20.12.2018 | Reference | ||||
| Dewey Decimal Classification | Not For Loan | Reference | Harvest Mission College | Harvest Mission College | Reference | 20.12.2018 | 2350.00 | REF 225.7 R649W | 005804 | 20.12.2018 | 20.12.2018 | Reference | ||||
| Dewey Decimal Classification | Not For Loan | Reference | Harvest Mission College | Harvest Mission College | Reference | 20.12.2018 | 2350.00 | REF 225.7 R649W | 005805 | 20.12.2018 | 20.12.2018 | Reference | ||||
| Dewey Decimal Classification | Not For Loan | Reference | Harvest Mission College | Harvest Mission College | Reference | 20.12.2018 | 2350.00 | REF 225.7 R649W | 005806 | 20.12.2018 | 20.12.2018 | Reference | ||||
| Dewey Decimal Classification | Not For Loan | Reference | Harvest Mission College | Harvest Mission College | Reference | 20.12.2018 | 2350.00 | REF 225.7 R649W | 005807 | 20.12.2018 | 20.12.2018 | Reference | ||||
| Dewey Decimal Classification | Not For Loan | Reference | Harvest Mission College | Harvest Mission College | Reference | 20.12.2018 | 2350.00 | REF 225.7 R649W | 005808 | 20.12.2018 | 20.12.2018 | Reference |
